F1 2007 Line-ups - Statistiques

Statistiques générales
  • Ce quiz a été pris 27 fois
  • Le résultat moyen est 14 sur 22
Statistiques - réponses
Team Nationality Driver % Correct
Vodafone McLaren Mercedes Spain Fernando Alonso
91%
United Kingdom Lewis Hamilton
91%
Scuderia Ferrari Marlboro Brazil Felipe Massa
87%
Finland Kimi Raïkkönen
87%
Australia Mark Webber
78%
Poland Robert Kubica
78%
Honda Racing F1 Team United Kingdom Jenson Button
74%
AT&T Williams Germany Nico Rosberg
74%
Finland Heikki Kovalainen
70%
Italy Jarno Trulli
65%
ING Renault F1 Team Italy Giancarlo Fisichella
61%
BMW Sauber F1 Team Germany Nick Heidfeld
61%
Panasonic Toyota Racing Germany Ralf Schumacher
61%
Super Aguri Formula 1 Team Japan Takuma Satō
61%
Brazil Rubens Barrichello
57%
Red Bull Racing United Kingdom David Coulthard
48%
U.S.A. Scott Speed
48%
Etihad Aldar Spyker F1 Team Germany Adrian Sutil
43%
Scuderia Toro Rosso Italy Vitantonio Liuzzi
43%
Austria Alexander Wurz
35%
United Kingdom Anthony Davidson
22%
Netherlands Christijan Albers
22%
Aucun quiz correspondant
Distribution des résultats
% des personnes avec chaque résultat
Percentile par nombre de réponses
Votre historique - résultats
Vous n’avez pas pris ce quiz